000 00550cab a2200205 4500
001 X1488
008 090401t1994 xxu||||| |||| 00| 0 eng d
035 _a(Sirsi) u17364
041 _aeng
245 _aGuidelines on competition revealed
260 _c1994
350 _a0
490 _aCSM (Chartered Surveyor Monthly)
_v3(8) May 1994, 9(1)
650 _aCCT
650 _aCOMPETITITION
650 _aCOMPULSORY COMPETITIVE TENDERING
690 _aMANAGEMENT-BUSINESS MANAGEMENT-PROFESSIONAL PRACTICE
942 _n0
948 _c04/03/1997
999 _c11516
_d11516